Controlling methods of insectpests onmungbean after rice in lowland condition,(វិធានការកម្ចាត់សត្វល្អិតចង្រៃលើដំណាំសណ្ដែកបាយក្រោយពេលប្រមូលផលស្រូវ ក្នុងលក្ខខណ្ឌស្រែទំនាប) (Record no. 1249)

000 -LEADER
fixed length control field 00712nam a22001577a 4500
003 - CONTROL NUMBER IDENTIFIER
control field OSt
005 - DATE AND TIME OF LATEST TRANSACTION
control field 20150925141415.0
008 - FIXED-LENGTH DATA ELEMENTS--GENERAL INFORMATION
fixed length control field 150925b xxu||||| |||| 00| 0 eng d
040 ## - CATALOGING SOURCE
Transcribing agency RUA
082 ## - DEWEY DECIMAL CLASSIFICATION NUMBER
Classification number AGR MAT 2012 B052 Or.1
100 ## - MAIN ENTRY--PERSONAL NAME
9 (RLIN) 1328
Personal name MATH SALEH
245 ## - TITLE STATEMENT
Title Controlling methods of insectpests onmungbean after rice in lowland condition,(វិធានការកម្ចាត់សត្វល្អិតចង្រៃលើដំណាំសណ្ដែកបាយក្រោយពេលប្រមូលផលស្រូវ ក្នុងលក្ខខណ្ឌស្រែទំនាប)
260 ## - PUBLICATION, DISTRIBUTION, ETC. (IMPRINT)
Place of publication, distribution, etc. phnom penh
Name of publisher, distributor, etc. RUA
Date of publication, distribution, etc. 2012
300 ## - PHYSICAL DESCRIPTION
Extent xiii, 64p.
Dimensions ill.
Size of unit 29cm.
942 ## - ADDED ENTRY ELEMENTS (KOHA)
Source of classification or shelving scheme
Koha item type AGR
Holdings
Price effective from Date last seen Permanent Location Not for loan Date acquired Source of classification or shelving scheme Koha item type Lost status Withdrawn status Date last checked out Total Checkouts Shelving location Damaged status Barcode Current Location Full call number
2015-09-252022-02-22Library Block B 2015-09-25 AGR  2022-01-123B052 RUA008511Library Block BAGR MAT 2012 B052 Or.4
មជ្ឈមណ្ឌលឯការនៃសាកលវិទ្យាល័យភូមិន្ទកសិកម្មចំការដូង

Powered by Koha